|
|
|
|
| LEADER |
00000cam a2200000 7i4500 |
| 001 |
0000000868 |
| 005 |
20001018.0 |
| 020 |
0 |
0 |
|a 983959270X
|
| 090 |
0 |
0 |
|a 633.58
|b MAZ 1997
|
| 100 |
0 |
0 |
|a MAZIAH Zakaria
|
| 245 |
1 |
0 |
|a Penyakit-penyakit rotan di tapak semaian dan di ladang
|c oleh Maziah Zakaria & Lee Su See
|
| 260 |
0 |
0 |
|a Kuala Lumpur :
|b Institut Penyelidikan Perhutanan Malaysia ,
|c 1997
|
| 300 |
|
|
|a 16 p. :
|b col. ill. ;
|c 23 cm.
|
| 440 |
0 |
0 |
|a FRIM technical information handbook
|v n. 12
|
| 650 |
0 |
0 |
|a Rattan palms
|x Diseases and pests
|
| 700 |
0 |
1 |
|a Lee
|h Su See
|
| 999 |
|
|
|a 0000001944
|b Monograph
|c Open Shelf
|e Default branch
|